000
00335nam a2200157Ia 4500
100
_a
Nayar/Alok
650
_a
METALS
942
_c
BK
366
_f
15
654
_a
testing
245
_a
Testing of metals
260
_b
Tata Mc Graw hill Ltd.
_a
New Delhi
_c
2005
082
_a
671.540/NAY
_b
NAY
300
_a
202
546
_a
ENGLISH
999
_c
25184
_d
25184